000 00403nam a2200169Ia 4500
008 230711s9999||||xx |||||||||||||| ||und||
041 _aENG
082 _a624
_bAD-A
100 _aAdams, J T
245 4 _aThe complete woodworking handbook
250 _a1st Ed.
260 _c1980
_aNew York
_bArco Publishing Company
300 _a698
650 _aArchitecture
700 _aStieri, E
942 _cBK
999 _c2031
_d2031